[Event "PRO League Stage"]
[Site "Chess.com INT"]
[Date "2018.02.24"]
[Round "7"]
[White "Manukian, Artak"]
[Black "Safin, Artur K"]
[Result "1/2-1/2"]
[WhiteElo "2196"]
[BlackElo "2229"]
[PlyCount "43"]
[EventDate "2018.01.18"]
[EventType "team-swiss (rapid)"]
[EventRounds "9"]
[EventCountry "USA"]
[SourceTitle "EXT 2019"]
[Source "ChessBase"]
[SourceDate "2018.10.10"]
[SourceVersion "1"]
[SourceVersionDate "2018.10.10"]
[SourceQuality "1"]
[WhiteTeam "Armenia Eagles"]
[BlackTeam "Dallas Destiny"]
[WhiteTeamCountry "ARM"]
[BlackTeamCountry "USA"]

1. e4 e6 2. d4 d5 3. e5 c5 4. c3 Nc6 5. Nf3 Qb6 6. a3 c4 7. Nbd2 Na5 8. Rb1 Bd7 9. g3 Qc7 10. Bh3 Ne7 11. 0-0 Nc8 12. Re1 Nb6 13. Nf1 h6 14. Nh4 0-0-0 15. f4 g6 16. Be3 Kb8 17. Nf3 Be7 18. Qe2 Nb3 19. N1d2 Ba4 20. Bf1 Nxd2 21. Qxd2 Qd7 22. h3 1/2-1/2

[Event "PRO League Stage"]
[Site "Chess.com INT"]
[Date "2018.02.24"]
[Round "7"]
[White "Safin, Artur K"]
[Black "Rodchenkov, Vitaly"]
[Result "1/2-1/2"]
[WhiteElo "2229"]
[BlackElo "2304"]
[PlyCount "139"]
[EventDate "2018.01.18"]
[EventType "team-swiss (rapid)"]
[EventRounds "9"]
[EventCountry "USA"]
[SourceTitle "EXT 2019"]
[Source "ChessBase"]
[SourceDate "2018.10.10"]
[SourceVersion "1"]
[SourceVersionDate "2018.10.10"]
[SourceQuality "1"]
[WhiteTeam "Dallas Destiny"]
[BlackTeam "Volga Stormbringers"]
[WhiteTeamCountry "USA"]
[BlackTeamCountry "RUS"]

1. c4 e6 2. Nc3 d5 3. d4 Be7 4. Nf3 Nf6 5. g3 0-0 6. Bg2 c6 7. 0-0 b6 8. Ne5 Bb7 9. Bf4 Nbd7 10. Rc1 Nxe5 11. dxe5 Nd7 12. cxd5 cxd5 13. e4 d4 14. Qxd4 g5 15. Be3 Bc5 16. Qd2 Bxe3 17. Qxe3 Nxe5 18. Rfd1 Qf6 19. f4 gxf4 20. gxf4 Nc4 21. Qe2 Rac8 22. e5 Qg6 23. Ne4 Bd5 24. Nf6+ Kh8 25. Nxd5 exd5 26. b3 Na5 27. Kh1 Nc6 28. Bxd5 Ne7 29. Be4 Qh6 30. Qf3 Ng6 31. Rxc8 Rxc8 32. Bxg6 hxg6 33. f5 Rc2 34. Qg3 Qh5 35. Rf1 gxf5 36. Rg1 Qg4 37. Qxg4 fxg4 38. Rxg4 Rxa2 39. Rc4 Kg7 40. Rc7 Kg6 41. Kg1 a5 42. Rb7 Kf5 43. Rxb6 Kxe5 44. h4 f5 45. h5 Rc2 46. h6 Rc7 47. Kf2 Kf4 48. Rd6 Rc2+ 49. Kf1 Kf3 50. Rd3+ Ke4 51. Rh3 Rc8 52. h7 Rh8 53. Ke2 f4 54. Rh5 f3+ 55. Kf2 Kf4 56. Rh4+ Kg5 57. Rh1 Kg4 58. Rh2 Kg5 59. Kxf3 Kg6 60. Ke4 Kg7 61. Kd5 Rd8+ 62. Kc6 Kh8 63. Rh3 Rb8 64. Kc5 Rb4 65. Rc3 Kxh7 66. Rc4 Rxb3 67. Ra4 Rf3 68. Rxa5 Rf5+ 69. Kb4 Rxa5 70. Kxa5 1/2-1/2

[Event "USA tt"]
[Site "ICC INT"]
[Date "2015.10.07"]
[Round "7"]
[White "Banawa, Joel Cholo"]
[Black "Safin, Artur K"]
[Result "1-0"]
[WhiteElo "2359"]
[BlackElo "2235"]
[PlyCount "79"]
[EventDate "2015.08.25"]
[EventType "team-swiss"]
[EventRounds "10"]
[EventCountry "USA"]
[SourceTitle "EXT 2017"]
[Source "ChessBase"]
[SourceDate "2016.10.25"]
[SourceVersion "1"]
[SourceVersionDate "2016.10.25"]
[SourceQuality "1"]
[WhiteTeam "Arizona"]
[BlackTeam "Dallas"]
[WhiteTeamCountry "USA"]
[BlackTeamCountry "USA"]

1. d4 d5 2. c4 c6 3. Nc3 Nf6 4. e3 a6 5. Nf3 b5 6. b3 Bg4 7. Be2 e6 8. 0-0 Nbd7 9. Bb2 Bd6 10. h3 Bh5 11. Ne5 Bxe2 12. Nxe2 Rc8 13. Rc1 0-0 14. Rc2 c5 15. Nxd7 Nxd7 16. dxc5 Nxc5 17. cxd5 exd5 18. Rd2 Qc7 19. Nc3 d4 20. Nd5 Qb7 21. Bxd4 Ne4 22. Bxg7 Nxd2 23. Bxf8 Qxd5 24. Bxd6 f5 25. Bb4 Rd8 26. Bxd2 Qxd2 27. Qh5 Rd5 28. Qe8+ Kg7 29. Qe7+ Kg6 30. Qe6+ Kg7 31. Qxa6 b4 32. Qc6 Rd6 33. Qc5 Rd5 34. Qc4 Rd3 35. g3 Kf6 36. a3 bxa3 37. Qa6+ Kf7 38. Qxa3 h5 39. Qa7+ Kg6 40. Qb8 1-0

[Event "Dallas UTD-B"]
[Site "Dallas"]
[Date "2013.11.23"]
[Round "3"]
[White "Safin, Artur K"]
[Black "Getz, Alec S"]
[Result "1/2-1/2"]
[WhiteElo "2251"]
[BlackElo "2344"]
[PlyCount "85"]
[EventDate "2013.11.21"]
[EventType "tourn"]
[EventRounds "9"]
[EventCountry "USA"]
[EventCategory "2"]
[SourceTitle "CBM 157 Extra"]
[Source "ChessBase"]
[SourceDate "2013.12.19"]
[SourceVersion "1"]
[SourceVersionDate "2013.12.19"]
[SourceQuality "1"]

1. e4 e5 2. Nf3 Nc6 3. Bb5 a6 4. Ba4 Nf6 5. 0-0 Be7 6. Re1 b5 7. Bb3 d6 8. c3 0-0 9. h3 Nb8 10. d4 Nbd7 11. Nbd2 Bb7 12. Bc2 Re8 13. Nf1 Bf8 14. Ng3 g6 15. b3 c6 16. a4 Qc7 17. Bb2 Nb6 18. axb5 cxb5 19. Bd3 Nfd7 20. Qd2 Bg7 21. h4 Rad8 22. h5 d5 23. hxg6 hxg6 24. Qg5 dxe4 25. Bxe4 exd4 26. Nxd4 Re5 27. Qh4 Bxe4 28. Rxe4 Rde8 29. Nf3 Rxe4 30. Nxe4 f5 31. Neg5 Nf8 32. Rxa6 Bxc3 33. Bxc3 Qxc3 34. g3 Qc5 35. b4 Qd6 36. Kg2 Ra8 37. Rxa8 Nxa8 38. Qd4 Qxd4 39. Nxd4 Nc7 40. g4 fxg4 41. Ne4 Nd5 42. Nxb5 Nxb4 43. Nf6+ 1/2-1/2

[Event "Richardson UTD op"]
[Site "Richardson"]
[Date "2013.03.11"]
[Round "5"]
[White "Flores Rios, Mauricio"]
[Black "Safin, Artur K"]
[Result "1/2-1/2"]
[WhiteElo "2481"]
[BlackElo "2236"]
[PlyCount "147"]
[EventDate "2013.03.09"]
[EventType "swiss"]
[EventRounds "9"]
[EventCountry "USA"]
[SourceTitle "CBM 153 Extra"]
[Source "ChessBase"]
[SourceDate "2013.04.22"]
[SourceVersion "1"]
[SourceVersionDate "2013.04.22"]
[SourceQuality "1"]

1. d4 d5 2. c4 c6 3. Nf3 Nf6 4. e3 e6 5. b3 c5 6. Bb2 cxd4 7. exd4 b6 8. Nbd2 Nbd7 9. Bd3 Bb7 10. Qe2 Be7 11. 0-0 0-0 12. Rad1 Qc7 13. Rfe1 a5 14. Ng5 h6 15. Ngf3 a4 16. Bb1 Bb4 17. Rf1 Rfe8 18. Ne5 a3 19. Ba1 Rac8 20. f4 Bxd2 21. Qxd2 dxc4 22. bxc4 Be4 23. Qb4 Bxb1 24. Qxb1 Qa7 25. Rf3 Qa6 26. Rdf1 Rc7 27. d5 exd5 28. Nxd7 Nxd7 29. Rg3 d4 30. Bxd4 f6 31. Qg6 Re7 32. Bxf6 Nxf6 33. Qxf6 Qxc4 34. Qxb6 Qxa2 35. f5 Rf7 36. Qa5 Qc2 37. Rxa3 Qc5+ 38. Qxc5 Rxc5 39. Raf3 Rfc7 40. g4 Rc3 41. Kg2 Kf7 42. Rxc3 Rxc3 43. Rf3 Rc4 44. Kg3 g6 45. Rf4 Rc3+ 46. Rf3 Rc4 47. h4 Ra4 48. fxg6+ Kxg6 49. Rd3 Ra7 50. Rd6+ Kg7 51. Kf4 Rf7+ 52. Ke5 Rf1 53. Rd7+ Kg6 54. Rd6+ Kg7 55. Rd4 Rf8 56. Rd7+ Kg6 57. Rd6+ Kg7 58. h5 Rf1 59. Rg6+ Kh7 60. Rf6 Re1+ 61. Kf5 Rf1+ 62. Ke6 Rg1 63. Rf4 Kg7 64. Kf5 Re1 65. Rf2 Ra1 66. Re2 Rf1+ 67. Ke5 Rf8 68. Re4 Rf1 69. Kd6 Rd1+ 70. Ke7 Rg1 71. Ke6 Ra1 72. Rd4 Re1+ 73. Kf5 Rf1+ 74. Rf4 1/2-1/2

[Event "Richardson UTD op"]
[Site "Richardson"]
[Date "2013.03.09"]
[Round "1"]
[White "Safin, Artur K"]
[Black "Chirila, Ioan Cristian"]
[Result "1-0"]
[WhiteElo "2236"]
[BlackElo "2518"]
[PlyCount "83"]
[EventDate "2013.03.09"]
[EventType "swiss"]
[EventRounds "9"]
[EventCountry "USA"]
[SourceTitle "CBM 153 Extra"]
[Source "ChessBase"]
[SourceDate "2013.04.22"]
[SourceVersion "1"]
[SourceVersionDate "2013.04.22"]
[SourceQuality "1"]

1. e4 c5 2. Nf3 Nc6 3. d4 cxd4 4. Nxd4 Qb6 5. Nb3 Nf6 6. Nc3 e6 7. Be3 Qc7 8. Qd2 Bb4 9. f3 d5 10. a3 Bxc3 11. Qxc3 e5 12. Bg5 d4 13. Qd2 a5 14. Bb5 a4 15. Nc5 Ra5 16. Bxc6+ bxc6 17. Nd3 Be6 18. Bxf6 gxf6 19. 0-0 Rb5 20. Qh6 Qd8 21. f4 Kd7 22. b4 axb3 23. cxb3 Bxb3 24. fxe5 Rg8 25. Rxf6 Be6 26. a4 Ra5 27. Rb1 Rg6 28. Qd2 Qc7 29. Nc5+ Ke8 30. Qxd4 Qa7 31. Rc1 Qc7 32. Qb4 Bc8 33. Rd6 Ra8 34. Qd4 Be6 35. Nd3 Qe7 36. Nf4 Qg5 37. Rf1 Rg8 38. Qc5 Bd7 39. Rxd7 Kxd7 40. Qd6+ Ke8 41. Qxc6+ Ke7 42. Qb7+ 1-0

[Event "USA tt"]
[Site "ICC INT"]
[Date "2012.09.05"]
[Round "1"]
[White "Safin, Artur K"]
[Black "Collyer, Curt D"]
[Result "1-0"]
[WhiteElo "2235"]
[BlackElo "2306"]
[PlyCount "137"]
[EventDate "2012.09.04"]
[EventType "team-tourn"]
[EventRounds "10"]
[EventCountry "USA"]
[SourceTitle "CBM 150 Extra"]
[Source "ChessBase"]
[SourceDate "2012.10.19"]
[SourceVersion "1"]
[SourceVersionDate "2012.10.19"]
[SourceQuality "1"]
[WhiteTeam "Dallas"]
[BlackTeam "Seattle"]
[WhiteTeamCountry "USA"]
[BlackTeamCountry "USA"]

1. e4 b6 2. c4 Bb7 3. Nc3 e6 4. Nf3 Bb4 5. Qc2 Ne7 6. d4 0-0 7. Bd3 f5 8. 0-0 Bxc3 9. bxc3 Qe8 10. Bg5 h6 11. Bxe7 Qxe7 12. Rfe1 f4 13. Ne5 Qf6 14. c5 d6 15. cxd6 cxd6 16. Nc4 e5 17. Qb3 Kh8 18. Na5 Bc6 19. Nxc6 Nxc6 20. Qa4 Rac8 21. Ba6 Rc7 22. Rad1 f3 23. g3 Qg6 24. Re3 Qh5 25. Bf1 Ne7 26. Qa3 Rf6 27. dxe5 dxe5 28. Rd8+ Kh7 29. Qb3 Rfc6 30. Rf8 Rf6 31. Rxf6 gxf6 32. Qe6 Ng8 33. Bh3 Kg7 34. Bg4 Qf7 35. Rxf3 Qxe6 36. Bxe6 Ne7 37. Rd3 Nc6 38. Rd6 Na5 39. Rd8 Nb7 40. Ra8 Nd6 41. Bd5 Nb5 42. c4 Nc3 43. a3 Nb1 44. a4 Nc3 45. Rg8+ Kh7 46. Rf8 Kg7 47. Rg8+ Kh7 48. Rf8 Nxa4 49. Rxf6 Nc5 50. Rf8 Kg7 51. Ra8 Kf6 52. Kg2 Nd3 53. Rf8+ Ke7 54. Ra8 Kd6 55. Kf3 Kc5 56. Ke3 Nb2 57. f4 a5 58. fxe5 Nxc4+ 59. Kf4 Kb4 60. e6 b5 61. Kf5 Nb6 62. Ra6 Nc8 63. Kf6 a4 64. g4 Kc5 65. h4 Nd6 66. e7 Ne8+ 67. Kf7 Rc8 68. g5 hxg5 69. hxg5 1-0

[Event "Dallas UTD-B"]
[Site "Dallas"]
[Date "2009.11.26"]
[Round "6"]
[White "Vazirova, Karina"]
[Black "Safin, Artur K"]
[Result "1/2-1/2"]
[WhiteElo "2187"]
[BlackElo "2115"]
[PlyCount "67"]
[EventDate "2009.11.21"]
[EventType "tourn"]
[EventRounds "9"]
[EventCountry "USA"]
[EventCategory "2"]
[SourceTitle "CBM 133 Extra"]
[Source "ChessBase"]
[SourceDate "2010.01.05"]
[SourceVersion "1"]
[SourceVersionDate "2010.01.05"]
[SourceQuality "1"]

1. d4 Nf6 2. c4 c6 3. g3 d5 4. Bg2 dxc4 5. Nf3 b5 6. a4 Bb7 7. Ne5 Qc8 8. b3 c5 9. 0-0 Bxg2 10. Kxg2 Qb7+ 11. f3 e6 12. bxc4 b4 13. Be3 Nc6 14. Nxc6 Qxc6 15. Nd2 cxd4 16. Bxd4 Be7 17. a5 0-0 18. Qc2 Rfc8 19. Rfc1 Qa6 20. Qb3 Rc6 21. Rc2 Rac8 22. Qa4 h5 23. Rac1 Nd7 24. h4 Bf8 25. Ne4 Nb6 26. Qb3 Qxa5 27. Ra1 Qf5 28. c5 Qd5 29. Qxb4 Nd7 30. Rxa7 Nxc5 31. Nxc5 Bxc5 32. Bxc5 Rxc5 33. Rxc5 Qxc5 34. Qxc5 1/2-1/2

[Event "Dallas UTD-B"]
[Site "Dallas"]
[Date "2009.11.22"]
[Round "2"]
[White "Hughes, Tyler B"]
[Black "Safin, Artur K"]
[Result "0-1"]
[WhiteElo "2281"]
[BlackElo "2115"]
[PlyCount "88"]
[EventDate "2009.11.21"]
[EventType "tourn"]
[EventRounds "9"]
[EventCountry "USA"]
[EventCategory "2"]
[SourceTitle "CBM 133 Extra"]
[Source "ChessBase"]
[SourceDate "2010.01.05"]
[SourceVersion "1"]
[SourceVersionDate "2010.01.05"]
[SourceQuality "1"]

1. d4 Nf6 2. c4 c6 3. Nf3 d5 4. e3 a6 5. Bd3 dxc4 6. Bxc4 b5 7. Bb3 e6 8. 0-0 Bb7 9. a4 Nbd7 10. Qe2 c5 11. axb5 axb5 12. Rxa8 Qxa8 13. Qxb5 Bxf3 14. gxf3 Qxf3 15. Bd1 Qa8 16. Ba4 cxd4 17. Rd1 Bc5 18. exd4 Bd6 19. d5 e5 20. Nc3 0-0 21. Be3 Rc8 22. Bc2 Bc5 23. Qe2 Qb7 24. Ba4 Bxe3 25. fxe3 Qb6 26. Bc6 Nc5 27. Nb5 Nce4 28. Kg2 h5 29. Nc3 Nxc3 30. bxc3 Ng4 31. Rd3 e4 32. Rd4 Qc7 33. Kg1 Rb8 34. Rb4 Rxb4 35. cxb4 Qb6 36. b5 Nxe3 37. Qf2 Qd4 38. h3 h4 39. Kh1 Qd1+ 40. Kh2 Nf1+ 41. Kg2 Ng3 42. Qf4 Qh1+ 43. Kf2 Qf1+ 44. Ke3 Qc1+ 0-1

[Event "Dallas UTD-B"]
[Site "Dallas"]
[Date "2009.11.21"]
[Round "1"]
[White "Safin, Artur K"]
[Black "Bryant, John Daniel"]
[Result "1-0"]
[WhiteElo "2115"]
[BlackElo "2359"]
[PlyCount "105"]
[EventDate "2009.11.21"]
[EventType "tourn"]
[EventRounds "9"]
[EventCountry "USA"]
[EventCategory "2"]
[SourceTitle "CBM 133 Extra"]
[Source "ChessBase"]
[SourceDate "2010.01.05"]
[SourceVersion "1"]
[SourceVersionDate "2010.01.05"]
[SourceQuality "1"]

1. e4 c5 2. Nf3 d6 3. d4 cxd4 4. Nxd4 Nf6 5. Nc3 a6 6. g3 e6 7. Bg2 Be7 8. 0-0 Qc7 9. Be3 0-0 10. Qe2 Nc6 11. f4 Bd7 12. a4 Nxd4 13. Bxd4 Bc6 14. Kh1 e5 15. Bg1 exf4 16. Rxf4 Rae8 17. Bd4 Nd7 18. Rd1 Bf6 19. Bxf6 Nxf6 20. Qd3 Re6 21. Qd4 Rfe8 22. b4 b6 23. Kg1 h6 24. Bh3 Re5 25. Qxd6 Qb7 26. Bf5 Nh5 27. Rf2 g6 28. Bg4 Ng7 29. Bf3 h5 30. Bg2 R8e6 31. Qd8+ Kh7 32. Qf8 f5 33. b5 axb5 34. axb5 Bxe4 35. Nxe4 Rxe4 36. Re2 Re8 37. Bxe4 fxe4 38. Qd6 e3 39. Qd7 Qf3 40. Rde1 h4 41. gxh4 Re4 42. Rg2 Kh6 43. Qd8 Kh7 44. Qg5 Re6 45. Qg4 Qd5 46. c4 Qc5 47. h5 Qb4 48. hxg6+ Kg8 49. Rf1 Qc5 50. Kh1 Qe5 51. Qf3 Re8 52. Qf7+ Kh8 53. Qf8+ 1-0